Single monetary policy versus macroeconomic fundamentals in Slovakia
Po zavedení eura od januára 2009 Slovenská republika viac neuplatňuje nezávislú menovú politiku. Tá je naopak závislá od menovopolitických rozhodnutí v eurozóne vrátane spoločných úrokových mier. Medzibanková úroková miera je považovaná za proxy premennú, ktorá vhodne agreguje celkové nastavenie men...
Salvato in:
| Autore principale: | |
|---|---|
| Altri autori: | |
| Natura: | Capitolo di libro |
| Lingua: | inglese |
| Soggetti: | |
| Tags: |
Nessun Tag, puoi essere il primo ad aggiungerne!!
|
MARC
| LEADER | 00000naa a2200000 4500 | ||
|---|---|---|---|
| 001 | 0229380 | ||
| 005 | 20220805075527.7 | ||
| 041 | 0 | |a eng | |
| 044 | |a SK | ||
| 245 | 1 | 0 | |a Single monetary policy versus macroeconomic fundamentals in Slovakia |c Marianna Siničáková, Beáta Gavurová |
| 520 | |a Po zavedení eura od januára 2009 Slovenská republika viac neuplatňuje nezávislú menovú politiku. Tá je naopak závislá od menovopolitických rozhodnutí v eurozóne vrátane spoločných úrokových mier. Medzibanková úroková miera je považovaná za proxy premennú, ktorá vhodne agreguje celkové nastavenie menovej politiky. Zhodnotenie kompatibility úrokových mier eurozóny s makroekonomickou situáciou na Slovensku. Inak povedané, kľúčovou otázkou je, či spoločné úrokové miery reagujú dostatočne na inflačnú medzeru, produkčnú medzeru a ďalšie ekonomické ukazovatele. Reakčná funkcia je odhadnutá prostredníctvom lineárnej regresie s využitím Newey-West prístupu v období pred zavedením eura ako aj v období po zavedení eura v Slovenskej republike. | ||
| 610 | 2 | 0 | |a politika menová |
| 610 | 2 | 0 | |a Slovensko |
| 610 | 2 | 0 | |a eurozóna |
| 610 | 2 | 0 | |a inflácia |
| 610 | 2 | 0 | |a ukazovatele makroekonomické |
| 610 | 2 | 0 | |a politika hospodárska |
| 100 | 1 | |a Siničáková, Marianna | |
| 700 | 1 | |a Gavurová, Beáta, 1972- | |